000 00704nam a2200277Ia 4500
005 20251020182441.0
008 200515s9999 xx 000 0 und d
020 _a978-84-8301-612-1
082 _a528.769/L23
100 _aLantada Zarzosa, Nieves
100 _aNúñez Andrés, M. Amparo
245 0 _aSistemas de información geográfica : Prácticas con ArcView
250 _a1a ed.
260 _aBarcelona
260 _bEDICIONS UPC
260 _c2002
300 _a226 p.
300 _bil., tbl., graf.
490 _aPOLITEXT 120
500 _a1 ejemplar
650 _aARCVIEW
650 _aSIG
650 _aSISTEMAS DE INFORMACION GEOGRAFICA
942 _cLIB
999 _c549
_d549